000 00495nam a2200205Ia 4500
003 OSt
005 20230508112454.0
008 210423s2007 xx 000 0 und d
020 _a9788173716256
040 _cAL
041 _aeng
082 _a530 NEWR
_223
100 _aNEWTON (Roger G).
_999857
245 _aHistory of physics.
260 _aNew Delhi
_bUniversities Press
_c2007
300 _aviii,340
_bPB
365 _b395
_cINR
906 _aHistory ; physics.
942 _2ddc
_cBK
999 _c162450
_d162450